Boost your spelling power / (Record no. 13083)

MARC details
000 -LEADER
fixed length control field 00695nam a22002057a 4500
005 - DATE AND TIME OF LATEST TRANSACTION
control field 20080528151713.0
008 - FIXED-LENGTH DATA ELEMENTS--GENERAL INFORMATION
fixed length control field 080528t xxu||||| |||| 00| 0 eng d
010 ## - LIBRARY OF CONGRESS CONTROL NUMBER
LC control number ENG-90227
020 ## - INTERNATIONAL STANDARD BOOK NUMBER
International Standard Book Number 8183821286
Terms of availability 95.00
035 ## - SYSTEM CONTROL NUMBER
System control number EN-73760
037 ## - SOURCE OF ACQUISITION
Source of stock number/acquisition DBAD / PUB
040 ## - CATALOGING SOURCE
Original cataloging agency DPL
Language of cataloging EN
082 ## - DEWEY DECIMAL CLASSIFICATION NUMBER
Classification number 480.81
100 ## - MAIN ENTRY--PERSONAL NAME
Personal name Thomas, M.
245 ## - TITLE STATEMENT
Title Boost your spelling power /
Statement of responsibility, etc by M. Thomas
260 ## - PUBLICATION, DISTRIBUTION, ETC. (IMPRINT)
Place of publication, distribution, etc New Delhi
Name of publisher, distributor, etc Lotus Press
Date of publication, distribution, etc 2007
300 ## - PHYSICAL DESCRIPTION
Extent 182p.
Dimensions 22 cm (pbk)
942 ## - ADDED ENTRY ELEMENTS (KOHA)
Source of classification or shelving scheme Dewey Decimal Classification
Koha item type English Books
Classification part 480.81
Call number suffix THO
Holdings
Withdrawn status Lost status Damaged status Not for loan Collection code Home library Current library Date acquired Source of acquisition Cost, normal purchase price Total Checkouts Full call number Barcode Date last seen Copy number Cost, replacement price Price effective from Koha item type
      Not For Loan Non-fiction D.B.Act.Division D.B.Act.Division 28/05/2008 DBAD / PUB 150.00   480.81 THO EN-73760 15/09/2008 1 95.00 15/09/2008 English Books

© Delhi Public Library
Hit Counter
free hit counter